000
00302nam a2200121Ia 4500
008
190216s9999||||xx |||||||||||||| ||und||
100
_a
Mithal G K And Ravi Mithal
245
0
_a
Electronic Devices And Circuits
260
_b
Khanna Publishers
_c
2001
300
_a
832
650
_a
Physics
942
_c
BK
999
_c
33618
_d
33618